Every La Liga Goalscorer 2023-24 - Statistics

General Stats
  • This quiz has been taken 37 times
  • The average score is 31 of 160
Answer Stats
Hint Answer # % Correct
Barcelona Robert Lewandowski 5
92%
Real Madrid Jude Bellingham 10
76%
Barcelona Raphinha 2
76%
Real Madrid Rodrygo 1
72%
Real Madrid Vinícius Junior 2
72%
Athletic Club Iñaki Williams 5
68%
Barcelona Lamine Yamal 1
68%
Athletic Club Nico Williams 1
68%
Barcelona Gavi 1
64%
Barcelona Ferran Torres 3
60%
Barcelona Pedri 1
60%
Girona Eric Garcia 1
56%
Girona Aleix García 3
52%
Atlético Madrid Antoine Griezmann 7
52%
Deportivo Alavés Kike Garcia 2
52%
Real Madrid Toni Kroos 1
52%
Rayo Vallecano Álvaro García 3
48%
Athletic Club Dani Garcia 1
48%
Real Madrid Federico Valverde 1
48%
Real Madrid Joselu 5
48%
Osasuna Rubén Garcia 2
48%
Girona David López 2
44%
Barcelona Fermin López 1
44%
Barcelona Frenkie de Jong 1
44%
Barcelona João Félix 1
44%
Atlético Madrid Álvaro Morata 7
40%
Valencia Diego Lopez 2
40%
Villarreal Gerard Moreno 7
40%
Girona Artem Dovbyk 6
36%
Real Madrid Daniel Carvajal 1
36%
Barcelona Ílkay Gündoğan 1
36%
Girona Iván Martin 3
36%
Barcelona Jules Koundé 1
36%
Atlético Madrid Marcos Llorente 2
36%
Real Sociedad Mikel Oyarzabal 6
36%
Barcelona Ronald Araújo 1
36%
Real Sociedad Takefusa Kubo 5
36%
Mallorca Antonio Sánchez 1
32%
Girona Cristhian Stuani 3
32%
Barcelona João Cancelo 2
32%
Almería Luís Javier Suárez 4
32%
Granada Richard Sánchez 2
32%
Real Madrid Aurélien Tchouaméni 1
28%
Getafe Borja Mayoral 6
28%
Athletic Club Gorka Guruzeta 4
28%
Real Betis Isco 1
28%
Athletic Club Oihan Sancet 2
28%
Cádiz Roger Martí 1
28%
Girona Viktor Tsygankov 2
28%
Atlético Madrid Ángel Correa 3
24%
Real Madrid Brahim Díaz 1
24%
Valencia Hugo Duro 5
24%
Las Palmas Kirian Rodríguez 2
24%
Athletic Club Unai Gómez 1
24%
Sevilla Youssef En-Nesyri 4
24%
Villarreal Alexander Sørloth 6
20%
Mallorca Dani Rodríguez 1
20%
Cádiz Luis Hernández 1
20%
Atlético Madrid Memphis Depay 2
20%
Osasuna Moi Gómez 1
20%
Villarreal Alejandro Baena 1
16%
Osasuna Ante Budimir 6
16%
Real Betis Borja Iglesias 1
16%
Granada Bryan Zaragoza 5
16%
Cádiz Chris Ramos 3
16%
Almería Largie Ramazani 1
16%
Sevilla Lucas Ocampos 1
16%
Atlético Madrid Rodrigo Riquelme 2
16%
Atlético Madrid Samuel Lino 1
16%
Girona Yangel Herrera 4
16%
Real Sociedad Ander Barrenetxea 3
12%
Athletic Club Asier Villalibre 1
12%
Real Betis Ayoze Pérez 1
12%
Real Sociedad Brais Méndez 2
12%
Real Sociedad Carlos Fernández 1
12%
Osasuna Chimy Ávila 1
12%
Cádiz Darwin Machis 3
12%
Sevilla Erik Lamela 2
12%
Valencia Fran Pérez 1
12%
Valencia Javier Guerra 3
12%
Celta Vigo Jonathan Bamba 1
12%
Valencia José Luis Gayá 1
12%
Rayo Vallecano Kike Pérez 1
12%
Almería Léo Baptistão 2
12%
Granada Lucas Boyé 3
12%
Barcelona Marc Guiu 1
12%
Real Sociedad Martín Zubimendi 1
12%
Getafe Mason Greenwood 1
12%
Atlético Madrid Nahuel Molina 2
12%
Sevilla Nemanja Gudelj 1
12%
Rayo Vallecano Radamel Falcao 1
12%
Girona Sávio 3
12%
Barcelona Sergi Roberto 1
12%
Mallorca Vedat Muriqi 4
12%
Athletic Club Álex Berenguer 1
8%
Celta Vigo Anastasios Douvikas 2
8%
Villarreal Dani Parejo 1
8%
Rayo Vallecano Isi Palazón 2
8%
Villarreal Juan Foyth 1
8%
Deportivo Alavés Luis Rioja 1
8%
Athletic Club Óscar de Marcos 1
8%
Girona Portu 1
8%
Deportivo Alavés Samuel Omorodion 3
8%
Almería Sergio Arribas 4
8%
Sevilla Suso 1
8%
Osasuna Aimar Oroz 1
4%
Las Palmas Benito Ramírez 1
4%
Getafe Carles Aleñá 1
4%
Sevilla Djibril Sow 1
4%
Sevilla Dodi Lukebakio 2
4%
Getafe Gastón Álvarez 1
4%
Osasuna Iker Munoz 1
4%
Athletic Club Iñigo Ruiz de Galarreta 1
4%
Sevilla Ivan Rakitić 1
4%
Las Palmas Jonathan Viera 2
4%
Celta Vigo Jørgen Strand Larsen 3
4%
Getafe Juanmi Latasa 2
4%
Valencia Mouctar Diakhaby 1
4%
Granada Myrto Uzuni 4
4%
Valencia Pepelu 2
4%
Sevilla Rafa Mir 1
4%
Rayo Vallecano Randy Nteka 1
4%
Real Sociedad Robin Le Normand 1
4%
Deportivo Alavés Rúben Duarte 1
4%
Las Palmas Saúl Coco 1
4%
Almería Sergio Akieme 2
4%
Las Palmas Sory Kaba 1
4%
Celta Vigo Unai Núñez 1
4%
Athletic Club Yuri Berchiche 1
4%
Real Betis Abdessamad Ezzalzouli 1
0%
Mallorca Abdón Prats 4
0%
Rayo Vallecano Abdul Mumin 1
0%
Real Betis Aitor Ruibal 1
0%
Deportivo Alavés Ander Guevara 1
0%
Mallorca Antonio Raillo 1
0%
Real Betis Assane Diao 1
0%
Rayo Vallecano Bebé 2
0%
Celta Vigo Carl Starfelt 1
0%
Cádiz Fede San Emeterio 1
0%
Rayo Vallecano Ismaila Ciss 1
0%
Villarreal Jorge Cuenca 1
0%
Rayo Vallecano Jorge de Frutos 1
0%
Getafe José Ángel Carmona 1
0%
Osasuna José Manuel Arnáiz 1
0%
Almería Kaiky 1
0%
Sevilla Kike Salas 1
0%
Cádiz Lucas Pires 1
0%
Las Palmas Marc Cardona 2
0%
Real Betis Marc Roca 1
0%
Granada Miguel Rubio 1
0%
Athletic Club Mikel Vesga 2
0%
Las Palmas Munir El Haddadi 1
0%
Osasuna Nacho Vidal 1
0%
Getafe Nemanja Maksimović 1
0%
Celta Vigo Óscar Mingueza 1
0%
Rayo Vallecano Óscar Valentín 1
0%
Mallorca Sameul Costa 1
0%
Getafe Stefan Mitrović 1
0%
Celta Vigo Williot Swedberg 1
0%
Girona Yan Couto 1
0%
No matching quizzes found
Score Distribution
Percent of People with Each Score
Percentile by Number Answered
Your Score History
You have not taken this quiz